LEADER 01279nam0 2200325 450 001 000039970 005 20150204104250.0 010 $a978-2-200-28771-9 100 $a20141219d2013----km-y0itaa50------ba 101 0 $afre 102 $aFR 200 1 $a1792$eEntrer en République$fsous la direction de Michel Biard ... [et al.] 210 $aParis$cArmand Colin$d2013 215 $a328 p.$d24 cm 225 2 $aRecherches 300 $aSul frontespizio: Ouvrage publié avec le soutien de la Société des études robespierristes, de l'Institut d'histoire de la Révolution française et de l'ANR-ACTAPOL 410 0$12001$aRecherches 607 $aFrancia$xPolitica$z1789-1799 676 $a944.043$v(22. ed.)$9Storia della Francia. Periodo della Convenzione nazionale, 1792-1795 702 1$aBiard,$bMichel 801 0$aIT$bUniversità della Basilicata - B.I.A.$gREICAT$2unimarc 912 $a000039970 996 $a1792$9105109 997 $aUNIBAS BAS $aLETTERE CAT $aEXT017$b01$c20141219$lBAS01$h1059 CAT $aEXT017$b01$c20141219$lBAS01$h1102 CAT $aMDL$b30$c20150204$lBAS01$h1042 FMT Z30 -1$lBAS01$LBAS01$mBOOK$1BASA1$APolo Storico-Umanistico$2DID$BDidattica$3FM/113036$6113036$5L113036$820141219$f04$FPrestabile Didattica LEADER 02954nam 2200481 450 001 9910811268303321 005 20230125181417.0 010 $a1-5231-1930-6 010 $a1-63081-508-X 035 $a(CKB)4100000004835353 035 $a(MiAaPQ)EBC5430734 035 $a(CaBNVSL)mat09100156 035 $a(IEEE)9100156 035 $a(EXLCZ)994100000004835353 100 $a20200729d2017 uy 101 0 $aeng 135 $aurcnu|||||||| 181 $ctxt$2rdacontent 182 $cc$2rdamedia 183 $acr$2rdacarrier 200 10$aPhased array antenna handbook /$fRobert J. Mailloux 205 $aThird edition. 210 1$aNorwood, Massachusetts :$cArtech House,$d[2018] 210 2$a[Piscataqay, New Jersey] :$cIEEE Xplore,$d[2017] 215 $a1 online resource (xvii, 530 pages) $cillustrations 225 1 $aArtech House antennas and propagation library 225 1 $aArtech House antennas and electromagnetics analysis library 311 $a1-63081-029-0 320 $aIncludes bibliographical references and index. 330 3 $aThis completely revised third edition of an Artech House classic, Phased Array Antenna Handbook, Second Edition, offers an up-to-date and comprehensive treatment of array antennas and systems. This edition provides a wealth of new material, including expanded coverage of phased array and multiple beam antennas. New modern machine learning techniques used for analysis are included. Additional material on wideband antennas and wideband coverage in array antennas are incorporated in this book, including new methods, devices, and technologies that have developed since the second edition.n nA detailed treatment of antenna system noise, sections on antenna pattern synthesis, developments in subarray technology, and in-depth coverage of array architecture and components are additional new features of this book. The book explores design elements that demonstrate how to size an array system with speed and confidence. Moreover, this resource provides expanded coverage of systems aspects of arrays for radar and communications. Supported with numerous equations and illustrations, this practical book helps evaluate basic antenna parameters such as gain, sidelobe levels, and noise. Readers learn how to compute antenna system noise, design subarray geometries for given bandwidth, scan and sidelobe constraints, and choose array illumination tapers for given sidelobe levels.$cPublisher abstract. 410 0$aArtech House antennas and propagation library. 410 0$aArtech House antennas and electromagnetics analysis library. 606 $aPhased array antennas 615 0$aPhased array antennas. 676 $a621.3824 700 $aMailloux$b Robert J.$0287648 801 0$bCaBNVSL 801 1$bCaBNVSL 801 2$bCaBNVSL 906 $aBOOK 912 $a9910811268303321 996 $aPhased array antenna handbook$9736274 997 $aUNINA